000 00981aam a2200337 4500
005 20260316184507.0
008 150615b2010 xxu||||| |||| 00| 0 spa d
020 _a9786071702944
041 _aESP
082 _a617.692 A581p
100 _aÁngeles Medina, Fernando
_912606
100 _aNavarro Bori, Enrique
_912607
100 _aPacheco Guerrero, Nicolás
_912608
245 _aPrótesis parcial removible: procedimientos clínicos, diseño y laboratorio
260 _aMéxico
260 _bTrillas
260 _c2010
300 _a192 páginas
300 _bFotografías a color
490 _aMecánica Dental
505 _aContiene disco compacto N° 112
650 _aPRÓTESIS PARCIAL REMOVIBLE
650 _aPROSTODONCIA
650 _aEXPLORACIÓN BUCAL
650 _aEVALUACIÓN PERIODONTAL
650 _aRETENEDORES DIRECTOS
650 _aRETENEDORES INDIRECTOS
650 _aOCLUSIÓN
650 _aCIRUGÍA PREPROTÉSICA
942 _cBK
_2ddc
999 _c2860
_d2860